Agreements to agree (Record no. 75641)

MARC details
000 -LEADER
fixed length control field 01030cab a2200193 4500
001 - CONTROL NUMBER
control field L130477
008 - FIXED-LENGTH DATA ELEMENTS--GENERAL INFORMATION
fixed length control field 050803n2005 000 0 eng u
035 ## - SYSTEM CONTROL NUMBER
System control number (Sirsi) u130477
041 ## - LANGUAGE CODE
Language code of text/sound track or separate title eng
100 ## - MAIN ENTRY--PERSONAL NAME
Personal name Brewer, Geoff
245 ## - TITLE STATEMENT
Title Agreements to agree
260 ## - PUBLICATION, DISTRIBUTION, ETC.
Date of publication, distribution, etc. 2005
490 ## - SERIES STATEMENT
Series statement Contract Journal
Volume/sequential designation 429(6535)
520 ## - SUMMARY, ETC.
Summary, etc. Discusses the case "Willis Management (Isle of Man) Ltd v Cable and Wireless plc and Pender Insurance Ltd" ([2005] EWCA Civ 806). It involved a fraudulent scheme by an underwriter at Willis (W) and staff at Cable and Wireless to divert premium income from Pender (P) into companies they owned. W agreed to co-operate with the investigations. The court had to consider whether to uphold this agreement. However, in line with previous cases, the agreement was not enforced by the court.
590 ## - LOCAL NOTE (RLIN)
Local note IKA160805
650 ## - SUBJECT ADDED ENTRY--TOPICAL TERM
Topical term or geographic name entry element WILLIS MANAGEMENT (ISLE OF MAN) LTD V CABLE AND WIRELESS PLC AND PENDER INSURANCE LTD
690 ## - LOCAL SUBJECT ADDED ENTRY--TOPICAL TERM (OCLC, RLIN)
Topical term or geographic name as entry element MANAGEMENT-DISPUTE AVOIDANCE, MANAGEMENT AND RESOLUTION
942 ## - ADDED ENTRY ELEMENTS (KOHA)
Suppress in OPAC 0
Holdings
Withdrawn status Lost status Source of classification or shelving scheme Damaged status Not for loan Home library Current library Shelving location Date acquired Total Checkouts Full call number Barcode Date last seen Copy number Price effective from Koha item type
    Dewey Decimal Classification     London London Journal article 03/08/2005   L30477 130477-1001 06/08/2019 1 06/08/2019 Journal article